Byznys a koncepční myšlení

Pojem koncepčné myslenie. Príklady konepčných zručností. TOP 5 koncepčných zručností.

Salvato in:
Dettagli Bibliografici
Natura: Capitolo di libro
Lingua:ceco
Soggetti:
Tags: Aggiungi Tag
Nessun Tag, puoi essere il primo ad aggiungerne!!

MARC

LEADER 00000naa a2200000 4500
001 0240861
005 20180305112210.7
041 0 |a cze 
044 |a CZ 
245 1 0 |a Byznys a koncepční myšlení 
520 |a Pojem koncepčné myslenie. Príklady konepčných zručností. TOP 5 koncepčných zručností. 
610 2 0 |a koncepcie 
610 2 0 |a zručnosti 
610 2 0 |a manažéri 
610 2 0 |a analýzy 
610 2 0 |a komunikácia 
610 2 0 |a rozhodovanie strategické